000 00358cam a2200145ua 4500
041 _aeng
_h
082 _a821
_bDRY/PO
100 _aDryden, John .
245 _aPoetry and prose /
_cJohn Dryden.
_hTextual Documents
260 _aLondon :
_bOxford at the Clarendon Press ,
_c1955.
300 _a204 ; .
504 _a
942 _cBK
999 _c5117
_d5117